000 00930nam a2200241 i 4500
001 bg
100 1 _aGRABAREK, Iwona
245 1 0 _aDiagnozowanie ergonomiczne układu operator - pojazd szynowy - otoczenie /
_cIwona Grabarek.
260 _aWarszawa :
_bOficyna Wydawnicza PW,
_c2003.
300 _a189 s. :
_bil. ;
_c24 cm.
490 1 _aPrace Naukowe. Transport / Politechnika Warszawska,
_x1230-9265 ;
_vz. 51
500 _aOpis wg okł. - W nagł. odmienny tyt. serii: Prace Naukowe Politechniki Warszawskiej. - Streszcz. ang.
500 _aPrace Naukowe Politechniki Warszawskiej.
504 _aBibliogr.
650 9 _aErgonomia
650 9 _aPojazdy szynowe
_xbezpieczeństwo i higiena pracy
_xbadanie
830 0 _aPrace Naukowe. Transport (Politechnika Warszawska) ;
_vz. 51
040 _cBPK
041 0 _apol
_beng
080 _a629.4:331.101.1:613.6
942 _cKS
008 s pl f |000 0 pol
999 _c42860
_d42860
856 _uhttp://koha.tu.koszalin.pl/cgi-bin/koha/opac-detail.pl?biblionumber=42860
_yKatalog online BPK